¿Tres años más de refuerzo a la impunidad?

Na minha lista:
Detalhes bibliográficos
Formato: Texto
Assuntos:
Tags: Adicionar Tag
Sem tags, seja o primeiro a adicionar uma tag!

MARC

LEADER 00000 a a2200000 04500
001 6579
003
040
245 |a ¿Tres años más de refuerzo a la impunidad?  
650 |a CORRUPCION  
650 |a EL SALVADOR  
773 |g volumen 23, número 1005; páginas 14-16  
999 |c 24983  |d 24983